| 000 | 00659 a2200181 4500 | ||
|---|---|---|---|
| 003 | Nust | ||
| 005 | 20170207153251.0 | ||
| 040 | _cNust | ||
| 082 | _a621.3822 | ||
| 100 | _aReza, Fazlollah M. | ||
| 245 |
_aAn introduction to information theory. _cFazlollah M.Reza, |
||
| 260 |
_aMcGraw-Hill, _bNew York _c1961 |
||
| 300 |
_a496 p _billus _c24 cm |
||
| 505 | _aPART-1: Discrete Schemes without Memory (Page-19) PART-2: Continuum without Memory (Page-191) PART-3: Schemes with Memory (Page-338) PART-4: Some Recent Developments (Page-398) | ||
| 538 | _aAlmirah No.38, Shelf No.1 | ||
| 600 | _aReza, Fazlollah M. | ||
| 650 | _aAn introduction to information theory. | ||
| 942 |
_2ddc _cBK |
||
| 999 |
_c182818 _d182818 |
||